TOP 10 des prénoms de garçons en 2025 - Statistiques

Statistiques générales
  • Ce quiz a été pris 135 fois
  • Le résultat moyen est 4 sur 10
Statistiques - réponses
Hint Réponse % Correct
3 Léo
72%
5 Louis
49%
1 Gabriel
48%
8 Jules
40%
2 Raphael
33%
6 Noah
31%
10 Arthur
29%
7 Adam
23%
4 Maël
21%
9 Eden
10%
Aucun quiz correspondant
Distribution des résultats
% des personnes avec chaque résultat
Percentile par nombre de réponses
Votre historique - résultats
Vous n’avez pas pris ce quiz